000 00360nam a2200145Ia 4500
008 240624s9999 xx 000 0 und d
041 _aeng
082 _a658.8 MUD
100 _aMUDIE PETER
245 _aSERVICES MARKETING MANAGEMENT
250 _a(3rd ed.)
260 _c2006
_aNew Delhi
_bElsevier
300 _axii, : 267 : p. : cm. ; 23
365 _cRS
_b35
999 _c5868
_d5868